[Event "Hannover Region-ch"]
[Site "Hannover"]
[Date "2007.01.13"]
[Round "1"]
[White "Penter, Detlef"]
[Black "Manusina, Nicole"]
[Result "1-0"]
[WhiteElo "1730"]
[BlackElo "1218"]
[PlyCount "47"]
[EventDate "2007.01.13"]
[EventType "swiss"]
[EventRounds "7"]
[EventCountry "GER"]
[SourceTitle "EXT 2021"]
[Source "ChessBase"]
[SourceDate "2020.10.23"]
[SourceVersion "1"]
[SourceVersionDate "2020.10.23"]
[SourceQuality "1"]

1. d4 d5 2. e4 dxe4 3. f3 exf3 4. Nxf3 Nf6 5. Bc4 Bg4 6. Bxf7+ Kxf7 7. Ne5+ Ke8 8. Nxg4 Nxg4 9. Qxg4 Qd7 10. Qe4 Qc6 11. d5 Qb6 12. b3 Nd7 13. Be3 Nc5 14. Qc4 Qf6 15. Bd4 Qh4+ 16. Kd1 Na6 17. Nd2 Qg4+ 18. Kc1 Kd8 19. Kb2 Qxg2 20. Rad1 Qh3 21. Ne4 Qf5 22. Ng3 Qg6 23. Rhe1 Qg4 24. d6 1-0

[Event "Hannover Region-ch"]
[Site "Hannover"]
[Date "2006.02.25"]
[Round "4"]
[White "Penter, Detlef"]
[Black "Stummeyer, Dieter"]
[Result "0-1"]
[WhiteElo "1722"]
[BlackElo "1863"]
[PlyCount "36"]
[EventDate "2006.01.14"]
[EventType "swiss"]
[EventRounds "7"]
[EventCountry "GER"]
[SourceTitle "EXT 2021"]
[Source "ChessBase"]
[SourceDate "2020.10.23"]
[SourceVersion "1"]
[SourceVersionDate "2020.10.23"]
[SourceQuality "1"]

1. d4 Nf6 2. Nc3 d5 3. e4 dxe4 4. f3 exf3 5. Nxf3 Bg4 6. Bc4 e6 7. 0-0 c6 8. Bg5 Be7 9. Qd2 Bxf3 10. Rxf3 Nbd7 11. Re1 0-0 12. Rh3 Ng4 13. Bxe7 Qxe7 14. d5 Qc5+ 15. Ree3 Qxc4 16. dxe6 fxe6 17. Ref3 Qc5+ 18. Kh1 Nde5 0-1

[Event "Hannover Region-ch"]
[Site "Hannover"]
[Date "2006.01.14"]
[Round "1"]
[White "Kleinschroth, Roland"]
[Black "Penter, Detlef"]
[Result "1-0"]
[WhiteElo "2085"]
[BlackElo "1722"]
[PlyCount "107"]
[EventDate "2006.01.14"]
[EventType "swiss"]
[EventRounds "7"]
[EventCountry "GER"]
[SourceTitle "EXT 2021"]
[Source "ChessBase"]
[SourceDate "2020.10.23"]
[SourceVersion "1"]
[SourceVersionDate "2020.10.23"]
[SourceQuality "1"]

1. b3 d5 2. Bb2 Nc6 3. e3 Nf6 4. Nf3 Bf5 5. Bb5 a6 6. Bxc6+ bxc6 7. Ne5 c5 8. d3 e6 9. Nd2 Bd6 10. Ndf3 Rg8 11. Nh4 Bxe5 12. Bxe5 Nd7 13. Bg3 c6 14. 0-0 Qf6 15. Nxf5 Qxf5 16. Qd2 e5 17. e4 Qe6 18. f4 f6 19. exd5 Qxd5 20. Rae1 0-0-0 21. Qa5 Kb7 22. fxe5 Nxe5 23. Bxe5 fxe5 24. Re4 Rge8 25. b4 c4 26. Rxc4 Qxa5 27. bxa5 Re7 28. Rb1+ Ka7 29. Rb6 Rd5 30. Rbxc6 Rxa5 31. a4 Kb7 32. Kf2 e4 33. dxe4 Rxe4 34. Rc7+ Kb8 35. Rc8+ Kb7 36. R4c7+ Kb6 37. Rc6+ Kb7 38. R8c7+ Kb8 39. Rxg7 Rf5+ 40. Kg3 h5 41. Rb6+ Kc8 42. Rxa6 Re3+ 43. Kh4 Re4+ 44. g4 Kb8 45. Rb6+ Kc8 46. Rb5 Rf2 47. Rxh5 Rxh2+ 48. Kg3 Rxh5 49. gxh5 Re3+ 50. Kg4 Re4+ 51. Kf5 Rh4 52. Kg5 Rh2 53. h6 Rg2+ 54. Kf4 1-0

[Event "Hannover Region-ch op"]
[Site "Hannover"]
[Date "2003.02.22"]
[Round "4"]
[White "Zakidyshev, Gennadiy"]
[Black "Penter, Detlef"]
[Result "1-0"]
[WhiteElo "1779"]
[BlackElo "1773"]
[PlyCount "73"]
[EventDate "2003.01.25"]
[EventType "swiss"]
[EventRounds "7"]
[EventCountry "GER"]
[SourceTitle "EXT 2022"]
[Source "ChessBase"]
[SourceDate "2021.10.06"]
[SourceVersion "1"]
[SourceVersionDate "2021.10.06"]
[SourceQuality "1"]

1. c4 e5 2. Nc3 Nf6 3. d3 Bc5 4. Nf3 Nc6 5. Bg5 h6 6. Bh4 g5 7. Bg3 d6 8. e3 Be6 9. a3 a6 10. b4 Ba7 11. h3 Qd7 12. Be2 Ne7 13. Qd2 Nh7 14. Rb1 f5 15. Nxe5 dxe5 16. Bxe5 Rg8 17. d4 0-0-0 18. b5 Ng6 19. Bh2 a5 20. Na4 b6 21. c5 Bd5 22. cxb6 cxb6 23. Rc1+ Kb7 24. Rc7+ Qxc7 25. Bxc7 Kxc7 26. 0-0 Kb7 27. Nc3 g4 28. Nxd5 Rxd5 29. Bc4 Nf6 30. Bxd5+ Nxd5 31. hxg4 Nh4 32. Qa2 Rd8 33. Qc4 fxg4 34. Qc6+ Kb8 35. Rc1 Nf5 36. Qe6 Nde7 37. e4 1-0

[Event "Hannover Region-ch op"]
[Site "Hannover"]
[Date "2003.02.01"]
[Round "2"]
[White "Penter, Detlef"]
[Black "Ellinger, Peter"]
[Result "1/2-1/2"]
[WhiteElo "1773"]
[BlackElo "1947"]
[PlyCount "35"]
[EventDate "2003.01.25"]
[EventType "swiss"]
[EventRounds "7"]
[EventCountry "GER"]
[SourceTitle "EXT 2022"]
[Source "ChessBase"]
[SourceDate "2021.10.06"]
[SourceVersion "1"]
[SourceVersionDate "2021.10.06"]
[SourceQuality "1"]

1. d4 Nf6 2. e4 Nxe4 3. Bd3 d5 4. c4 e6 5. Ne2 c5 6. Nbc3 Nxc3 7. bxc3 Nc6 8. 0-0 Bd6 9. cxd5 exd5 10. Nf4 Bxf4 11. Bxf4 Qf6 12. Qd2 cxd4 13. Rfe1+ Be6 14. cxd4 h6 15. Be5 Nxe5 16. dxe5 Qe7 17. Bb5+ Kf8 18. Rac1 1/2-1/2